000 00463nam a2200181Ia 4500
001 18912
005 20260306171705.0
008 260306s9999||||xx |||||||||||||| ||und||
041 _aESP
082 _a658.562
_bG24
100 _aGarcía Prado, Enrique
_eAUT
245 0 _aCalidad y servicios de proximidad en el pequeño comercio
260 _c2015
300 _axv, 108 páginas :
_c24 cm.
650 _aGEN
654 _aCAN
942 _cLIB
_dJUS
_fJUS
_2ddc
_n
999 _c18912
_d18912